| 000 | 00992cab a22001935a 4500 | ||
|---|---|---|---|
| 001 | L137493 | ||
| 008 | 070411e20070331xxk f 000 0 eng d | ||
| 035 | _a(Sirsi) u137493 | ||
| 041 | 0 | _aeng | |
| 100 | 1 | _aScott, Lucy | |
| 245 | 0 | 0 | _aGreen gauge |
| 260 | _c2007 | ||
| 490 | 0 |
_aEstates Gazette _v(0713) 31 March 2007, 70-73(4) |
|
| 520 | _aDiscusses the disagreements between the property industry and the UK government over the application of a green code to all commercial buildings as a means of improving a property's energy efficiency. Notes a recently published report which stated that a majority of developers would be prepared to pay more for greener offices. Considers the involvement of bodies such as the Property Industry Alliance, the Building Research Establishment, the UK Green Building Council and the Department for Communities and Local Government. | ||
| 590 | _aKA | ||
| 651 | 4 | _aGREAT BRITAIN | |
| 690 | _aBUILT ENVIRONMENT-SUSTAINABLE CONSTRUCTION | ||
| 942 | _n0 | ||
| 999 |
_c78635 _d78635 |
||